00677nam a22002057a 4500003000400000005001700004008004100021020002100062040002900083050002500112100001700137245004800154250001000202260008400212300000800296650004300304650003700347700004300384700004400427OSt20260512093502.0260512b |||||||| |||| 00| 0 eng d a978-1337-40629-1 cChuka University Library aRC 455. C67 2019 C.2 aCorey Gerald aIssues & Ethics IN THE HELPING PROFFESSIONS aTENTH aAustralia Brazil Singapore united Kingdom United StatesbCENGAGE Learningc2019 a522 aPsychotherapists Professional Ethics  aCounsellors Professional Ethics aMarianne Schneider Corey (Consultant ) aCindy Corey (Multicultural Consultant )